|
|
|
|
| LEADER |
00000nam0a2200000 4500 |
| 001 |
357587 |
| 005 |
20231102011015.0 |
| 035 |
|
|
|a (RuTPU)RU\TPU\retro\14855
|
| 090 |
|
|
|a 357587
|
| 100 |
|
|
|a 20200806d1977 k y0rusy50 ca
|
| 101 |
0 |
|
|a rus
|
| 102 |
|
|
|a BY
|
| 105 |
|
|
|a a z 001zy
|
| 200 |
1 |
|
|a Проблемы поисков твердых полезных ископаемых в БССР
|e сборник научных трудов
|f Белорусский научно-исследовательский геологоразведочный институт ; отв. ред. Ю. И. Горький
|
| 210 |
|
|
|a Минск
|c Изд-во БелНИГРИ
|d 1977
|
| 215 |
|
|
|a 198 с.
|c ил.
|
| 320 |
|
|
|a Библиогр. в конце ст.
|
| 606 |
1 |
|
|a Рудные месторождения
|x Поиски и разведка
|2 stltpush
|3 (RuTPU)RU\TPU\subj\25956
|9 49987
|
| 610 |
1 |
|
|a твердые полезные ископаемые
|
| 610 |
1 |
|
|a геология
|
| 610 |
1 |
|
|a Белоруссия
|
| 610 |
1 |
|
|a перспективы
|
| 610 |
1 |
|
|a цветные металлы
|
| 610 |
1 |
|
|a алюминиевое сырье
|
| 610 |
1 |
|
|a бурые угли
|
| 610 |
1 |
|
|a калийные соли
|
| 610 |
1 |
|
|a цеолиты
|
| 675 |
|
|
|a 553.3/.4:550.8
|v 4
|
| 702 |
|
1 |
|a Горький
|b Ю. И.
|4 340
|
| 712 |
0 |
2 |
|a Белорусский научно-исследовательский геологоразведочный институт
|2 stltpush
|3 (RuTPU)RU\TPU\col\7965
|9 24442
|
| 801 |
|
1 |
|a RU
|b 63413507
|c 20200806
|
| 801 |
|
2 |
|a RU
|b 63413507
|c 20210304
|g RCR
|
| 942 |
|
|
|c BK
|